• 首页
  • 本馆介绍
  • 公告通知
  • 最新文献
  • 馆藏检索
  • 电子资源
  • 读者导购
  • 参考咨询
  • 我的图书馆
  • 登录
  • 详细信息显示
  • 放入我的书架
  • 预约/预借图书
  • 作者相关作品
  • 分类相关作品
  • 丛书相关作品
  • 出版社相关作品

书目信息

  • 表格格式
  • 工作单格式
  • 卡片格式
题名:
金文史话
    
 
作者: 杜勇 , 周宝宏 著
分册:  
出版信息: 北京   社会科学文献出版社  2011.11
页数: 181页
开本: 21cm
丛书名: 中国史话
单 册:
中图分类: K877.34
科图分类:
主题词: 金文--研究--中国 , 金文
电子资源:
ISBN: 978-7-5097-2636-5
000 01190oam2 2200313 450
001 005548832
005 20120619160540.26
010    @a978-7-5097-2636-5@dCNY15.00
100    @a20120104d2011 em y0chiy0110 ea
101 0  @achi
102    @aCN@b110000
105    @aa z 000yy
106    @ar
200 1  @a金文史话@9jin wen shi hua@dA brief history of inscriptions on bronze wares of ancient China@f杜勇,周宝宏著@zeng
210    @a北京@c社会科学文献出版社@d2011.11
215    @a181页@c照片@d21cm
225 2  @a中国史话@i物化历史系列
300    @a“十二五”国家重点出版规划项目
308    @a总丛编序号:029
330    @a本书共分五部分,分别为:什么是金文、金文载体、金文分期断代、金文语言与历史研究等。具体包括金文与金文学;金文的格式、内容和价值;青铜器源流、金文著录、标准器断代法等内容。
462  0 @12001 @a物化历史系列@1035 @a(A100000NLC)005404435
510 1  @aBrief history of inscriptions on bronze wares of ancient China@zeng
606 0  @a金文@x研究@y中国
606 0  @a金文
690    @aK877.34@v5
701  0 @a杜勇@9du yong@f(1956~)@4著
701  0 @a周宝宏@9zhou bao hong@f(1957~)@4著
801  0 @aCN@bNLC@c20120301
905    @b538208-12@dK877.34@e278@f5
    
    金文史话=A brief history of inscriptions on bronze wares of ancient China/杜勇,周宝宏著.-北京:社会科学文献出版社,2011.11
    181页:照片;21cm.-(中国史话.物化历史系列)
    “十二五”国家重点出版规划项目
    
    ISBN 978-7-5097-2636-5:CNY15.00
    本书共分五部分,分别为:什么是金文、金文载体、金文分期断代、金文语言与历史研究等。具体包括金文与金文学;金文的格式、内容和价值;青铜器源流、金文著录、标准器断代法等内容。
●
相关链接 在E读中查询图书 在五车中查询图书 在当当中查询图书 在豆瓣中查询图书


正题名:金文史话     索取号:K877.34/278         预约/预借

序号 登录号 条形码 馆藏地/架位号 状态 备注
1 538208   205382085   第二样本阅览室/ [索取号:K877.34/278] 在馆    
2 538209   205382094   第二借阅区/ [索取号:K877.34/278] 在馆    
3 538210   205382101   第二借阅区/ [索取号:K877.34/278] 在馆    
4 538211   205382110   第二借阅区/ [索取号:K877.34/278] 在馆    
5 538212   205382129   密集书库-史法系/ [索取号:K877.34/278] 在馆    
唐山师范学院图书馆 欢迎您!
大连网信软件有限公司© 版权所有